00567 2200241 4500001002100000005001500021035002000036245007500056300000800131260004600139082000800185084001200193990001200205990001200217990001200229990001200241990001200253990001200265990001200277990001200289990001200301990001200313INLIS00000000000262120250605025010 a0010-0625000207 aEnsiklopedia Sains Dalam Kehidupan /cDr. Suroso, Dr. Anna Permanasari a279 aJakarta :bTorirty Samudra Berlian,c2003 a500 a500 ENS a0320150 a0320151 a0320152 a0320153 a0320154 a0320155 a0320156 a0320157 a0320158 a0320159